| 000 | 00816nam a2200205Ia 4500 | ||
|---|---|---|---|
| 005 | 20260121110126.0 | ||
| 008 | 008 260114s9999 xx 000 0 hin d | ||
| 020 | _a9788132386414 | ||
| 037 | _aEBOOK | ||
| 040 |
_aCRL _bhin _cCRL |
||
| 041 |
_ahin _2hin |
||
| 084 | _qCRL | ||
| 100 |
_aरुद्रवीर चौहान / Rudraveer Chauhan _9942363 |
||
| 245 | 0 | _aपौष्टिक-औषधीय पदार्थ और कार्यात्मक खाद्य पदार्थ: एक अध्ययन / Poshtik-aushadhi padarth aur kaaryatmak khadya padarth: ek adhyayan | |
| 260 |
_bभाषा प्रकाशन / Bhasha Prakashan _c2023 |
||
| 856 | _uhttps://bhashaprakashan.com/product-details/437220 | ||
| 942 | _cEBOOK | ||
| 999 |
_c1534028 _d1534028 |
||